Antonomases #1 - Statistiques

Statistiques générales
  • Ce quiz a été pris 260 fois
  • Le résultat moyen est 13 sur 20
Statistiques - réponses
Hint Réponse % Correct
Stylo à bille Bic
100%
Réfrigérateur Frigidaire
97%
Chariot de supermarché Caddie
95%
Ruban adhésif Scotch
94%
Essuie-tout Sopalin
94%
Nettoyeur haute pression Kärcher
81%
Mouchoir jetable en papier Kleenex
79%
Veste coupe-vent imperméable K-way
78%
Surligneur de couleurs Stabilo
77%
Fenêtre de toit Velux
76%
Bain à remous Jacuzzi
73%
Disque volant Frisbee
69%
Amidon de maïs Maïzena
51%
Fermeture à glissière Fermeture Éclair
50%
Sauce piquante à base de piment Tabasco
47%
Protection auditive Boules Quies
46%
Glace sur bâtonnet Esquimau
38%
Film transparent Cellophane
33%
Cuir synthétique Skaï
21%
Aubette Abribus
8%
Aucun quiz correspondant
Distribution des résultats
% des personnes avec chaque résultat
Percentile par nombre de réponses
Votre historique - résultats
Vous n’avez pas pris ce quiz